Notex. Východné Slovensko 1994 Čo? Kto? Kde? Na tieto otázky odpovedá profesný adresár NOTEX 1994 ; Fotogr. Fedor Nemec ; Graf. úpr. Stano Sládek

Podrobná bibliografia
Ďalší autori: Nemec, Fedor (Fotograf), Sládek, Stano (Ilustrátor)
Médium: Kniha
Jazyk:slovenčina
Vydavateľské údaje: Bratislava Maxin, informačná a reklamná agentúra [1994]
Predmet:

MARC

LEADER 00000cam a2200000 a 4500
001 vtls001244243
003 SK-MaSNL
005 20260302065258.0
008 240226s1994 xo r 000 0 slo
015 |a SNBAPZ 1994/03 
020 |a 8088745004 
035 |a SNK000191257 
035 |a urn:nbn:sk:snk-amlja9 
035 |a urn:nbn:sk:snk-am00brhq 
035 |a 6484B423-87AA-4EA2-80C3-ACFBB7CB3A93 
040 |a SNK  |b slo  |c SNK  |e AACR2 
041 0 |a slo 
044 |a xo  |c SK 
080 |a 658.64(437.67)(058)"1994"  |2 1981 
080 |a 339.16.012.23  |2 1981 
080 |a 334.7  |2 1981 
245 0 0 |a Notex. Východné Slovensko 1994  |b Čo? Kto? Kde? Na tieto otázky odpovedá profesný adresár NOTEX 1994 ; Fotogr. Fedor Nemec ; Graf. úpr. Stano Sládek 
260 |a Bratislava  |b Maxin, informačná a reklamná agentúra  |c [1994] 
300 |a 322 s.  |b mp., obr., rekl., tab.  |c 30x21 cm 
648 7 |a 1994  |2 SNKPH  |9 270209 
650 0 7 |a firmy  |2 SNKPH  |9 2190 
650 0 7 |a súkromní ponikatelia  |2 SNKPH  |9 728431 
650 0 7 |a služby  |2 SNKPH  |9 2356 
651 7 |a Slovensko východné  |2 SNKPH 
655 7 |a adresáre  |2 SNKPH  |9 70415 
700 1 |a Nemec, Fedor  |4 pht  |9 285338 
700 1 |a Sládek, Stano  |4 ill  |9 274553 
919 |a 80-88745-00-4 
999 |c 1141237  |d 1143167 
952 |a SNK  |b SNK  |y PREZ  |7 0  |p 17A0873704  |o snkSB 48256/C/1994  |i snkKSP 5183/94  |0 0  |1 0  |4 0  |d 2012-07-10  |f 1  |l 0  |r 2025-02-18 00:00:00  |w 2026-02-24 
952 |a SNK  |b SNK  |y VYP  |7 0  |p 17A0147731  |o snkSB 48256/C/1994 D1  |i snkKSP 5184/94  |0 0  |1 0  |4 0  |d 1998-07-09  |l 0  |r 2005-01-02 00:00:00  |w 2026-02-24